| 000 | 00757cam a2200253 a 4500 | ||
|---|---|---|---|
| 999 |
_c5022 _d5022 |
||
| 001 | 22660972 | ||
| 003 | OCoLC | ||
| 005 | 20181219155021.0 | ||
| 008 | 900321s1990 tnu b 000 0 eng | ||
| 010 | _a90134206 | ||
| 020 | _a0840772386 | ||
| 040 |
_aDLC _cDLC _dOCL |
||
| 043 | _an-us--- | ||
| 050 | 0 | 0 |
_aPN4888.O25 _bM34 1990 |
| 082 | 0 | 0 |
_a071.3 _220 _bM179F |
| 100 | 1 | _aMaddoux, Marlin | |
| 245 | 1 | 0 |
_aFree speech or propaganda? : _bhow the media distorts the truth / _cMarlin Maddoux |
| 260 |
_aNashville : _bT. Nelson, _cc1990 |
||
| 300 |
_a224 p. ; _c21 cm |
||
| 504 | _aIncludes bibliographical references (p. 223-224) | ||
| 650 | 0 |
_aJournalism _zUnited States _xObjectivity |
|
| 650 | 0 |
_aMass media _zUnited States _xObjectivity |
|
| 942 |
_2ddc _cBK |
||